000 00611nam a2200205Ia 4500
003 GCL
008 140319s9999 xx 000 0 ara d
020 _a7517175130
040 _aGCL /
_cGCL
082 0 4 _aط
_b611
_bف ج
100 1 _aفورناري , جوليانو
245 1 0 _aاكشف اسرار جسمك من الداخل /
_cفورناري , جوليانو
250 _aالاولى
260 _aالقاهرة :
_bدارالشروق ،
_c1991
300 _a:
_bايض ؛
_c32 سم
650 0 4 _aالاطفال
650 0 4 _aجسم الانسان
650 0 4 _aالتشريح
942 _2ddc
_cBK
999 _c8493
_d8493